| 000 | 00424nam a2200181Ia 4500 | ||
|---|---|---|---|
| 008 | 170918s9999 xx 000 0 und d | ||
| 020 | _a330332775 | ||
| 050 | _bF453br 1996 | ||
| 100 | _aFielding, Helen | ||
| 245 | _aBridget Jones's diary / | ||
| 245 | _cby Helen Fielding. | ||
| 260 | _aLondon : | ||
| 260 | _bPicador, | ||
| 260 | _c1996 | ||
| 300 | _a310 pages : | ||
| 300 | _billustrations ; | ||
| 300 | _c19cm. | ||
| 999 |
_c343616 _d343616 |
||